000 00781nam a22002412a 4500
001 33043
003 BD-RjUL
005 20211209051933.0
008 140429s1936 ii 000 0 eng d
035 _a(BD-RjUL)33133
040 _aMBB
_cMBB
_dOCL
_dPAU
_dBD-RjUL
_beng
041 _aeng
082 _a297.822
_bALC 1936
090 _aBP195.I8
_bA5
100 1 _aAlī ibn Muhammad ibn alW̄alid,
_dd. 1215.
_9100409
245 1 2 _aA creed of the Fatimids :
_b(a summary of the Tajull̓-a̓qai̓d, by Sayyid-na A̓li b. Muhammad b. al-Walid, ob. 612/1215) /
_cby W. Ivanow
260 _aBombay :
_bQayyimah Press,
_c1936
300 _aviii, 82 p. :
_c19 cm
650 0 _aIsmailites
_9100410
650 0 _aFatimites
_983077
700 1 _aIvanow, Wladimir.
_9100139
942 _2ddc
_cBK
999 _c33043
_d33043